| 000 | 00776nam a2200229 i 4500 | ||
|---|---|---|---|
| 001 | 11355 | ||
| 003 | ES-MaACL | ||
| 005 | 20250826034357.0 | ||
| 007 | t| | ||
| 008 | 960424n1995 sp ||||1| spa d | ||
| 080 | _a262.136.12:308 | ||
| 080 | _a308:262.136.12 | ||
| 100 | 1 |
_aAcosta González, Andrés. _918308 |
|
| 245 | 1 | 0 |
_aInquisición y mentalidad _b: (reflexiones en torno a un tema polémico) / _cpor Andrés Acosta González. |
| 260 |
_a[S.l. : _bs.n., _c1995 ?] |
||
| 300 |
_a25 p. ; _c24 cm. |
||
| 500 | _aPrecede al tit.: Seminario de Humanidades Agustín Millares Carlo. | ||
| 595 | _aSeparata del Homenaje a Antonio de Bethencourt Massieu. | ||
| 650 | 7 |
_aInquisición _2embne _913793 |
|
| 852 |
_aES-MaACL _j2151-F-5 _bR.124904 |
||
| 999 |
_c11355 _d11355 |
||